000 00918pam a2200301 i 4500
001 2334
005 20240719091502.0
020 _a0060239638 :
_c$5.95
020 _a0060239646 (lib. bdg.) :
_c$6.79
040 _aDLC
_cDLC
_dDLC
_beng
050 0 0 _aPZ7.L7795
_bDay
082 0 0 _a813.54
100 1 _aLobel, Arnold
245 1 0 _aDays with Frog and Toad /
_cby Arnold Lobel.
250 _aThis edition is published by Scholastic
260 _aNew York :
_bScholastic,
_c1979
300 _a64 pages :
_billlustrations
_c23 cm
490 0 _aAn I can read book
505 _aJ
520 _aFrog and Toad spend their days together, but find sometimes it's nice to be alone.
521 _a490
_bLexile
521 _aJ
_bRaz-Plus
650 1 _aFrogs
_xFiction.
650 1 _aToads
_xFiction.
650 1 _aFriendship
_xFiction.
906 _a7
_bcbc
_corignew
_d1
_eocip
_f19
_gy-gencatlg
942 _2ddc
_cBK
_n0
999 _c2334
_d2334